[Event "AUT2O-chT 1998/99"]
[Site "Moedling"]
[Date "1999.01.16"]
[Round "6.1"]
[White "Lanc, Alois"]
[Black "Vavrak, Peter"]
[Result "0-1"]
[WhiteElo "2405"]
[BlackElo "2200"]
[PlyCount "60"]
[EventDate "1999.01.16"]

1. e4 e6 2. d4 d5 3. Nc3 Nf6 4. Bg5 Bb4 5. e5 h6 6. Bd2 Bxc3 7. bxc3 Ne4 8. Qg4
g6 9. Bd3 Nxd2 10. Kxd2 c5 11. Nf3 Nc6 12. Qf4 cxd4 13. cxd4 Qa5+ 14. Ke3 b6
15. h4 Ba6 16. Qf6 Rg8 17. Rab1 Rc8 18. h5 gxh5 19. Rxh5 Bxd3 20. cxd3 Qxa2 21.
Rc1 Qb2 22. Rg1 Nb4 23. Rxh6 Qc2 24. Re1 Qxd3+ 25. Kf4 Rc4 26. Rh8 Rxd4+ 27.
Nxd4 Qxd4+ 28. Kf3 Qg4+ 29. Ke3 Qe4+ 30. Kd2 Qd3+ 0-1

[Event "AUT2O-chT 1998/99"]
[Site "Moedling"]
[Date "1999.01.16"]
[Round "6.2"]
[White "Hardt, Christian"]
[Black "Sommerbauer, Norbert"]
[Result "0-1"]
[WhiteElo "2135"]
[BlackElo "2400"]
[PlyCount "110"]
[EventDate "1999.01.16"]

1. e4 Nc6 2. Nc3 d6 3. f4 Nf6 4. Nf3 Bg4 5. Be2 e6 6. d4 d5 7. e5 Ne4 8. O-O
Be7 9. Be3 Qd7 10. Nxe4 dxe4 11. Ng5 Bxe2 12. Qxe2 Nxd4 13. Qc4 Nf5 14. Qxe4 h6
15. Nf3 Nxe3 16. Qxe3 {Remisgebot} 16... Qb5 17. Kh1 Qc5 18. Qe4 O-O-O 19. Rae1
Qd5 20. b3 Qxe4 21. Rxe4 Rd5 22. Rd4 Rxd4 23. Nxd4 Rd8 24. Nf3 b5 25. a4 bxa4
26. bxa4 Rd5 27. Ra1 Rc5 28. Ra2 Rc3 29. Nd2 g5 30. g3 gxf4 31. gxf4 Re3 32.
Nc4 Re4 33. Na5 Rxf4 34. Nc6 Bc5 35. a5 Kb7 36. Nd8+ Ka6 37. Nc6 Kb5 38. Nd8
Bd4 39. c4+ Kxc4 40. Nc6 Kd5 41. Rc2 Bxe5 42. Nxe5 Kxe5 43. Rxc7 f5 44. Rxa7
Ra4 45. a6 Kf4 46. Kg2 Ra2+ 47. Kh3 e5 48. Ra8 e4 49. a7 e3 50. Rh8 Rxa7 51.
Rxh6 e2 52. Rh4+ Kf3 53. Rh5 f4 54. Rh4 e1=Q 55. Rxf4+ Kxf4 0-1

[Event "AUT2O-chT 1998/99"]
[Site "Moedling"]
[Date "1999.01.16"]
[Round "6.3"]
[White "Poecksteiner, Johann"]
[Black "Wais, Michael"]
[Result "1-0"]
[WhiteElo "2205"]
[BlackElo "2085"]
[PlyCount "102"]
[EventDate "1999.01.16"]

1. d4 c5 2. d5 Nf6 3. Nf3 b5 4. Bg5 Ne4 5. Bf4 Bb7 6. Qd3 Qa5+ 7. Nfd2 f5 8. f3
c4 9. Qd4 Nf6 10. e4 g6 11. Nc3 Bg7 12. Qc5 fxe4 13. fxe4 Ng4 14. Bc7 Na6 15.
Bxa5 Nxc5 16. Nxb5 O-O 17. Nxc4 Nxe4 18. Be2 Bxd5 19. Nc7 Bxc4 20. Bxc4+ e6 21.
Nxa8 Ne3 22. Bxe6+ dxe6 23. Ke2 Bh6 24. Be1 Rxa8 25. Kf3 Nc5 26. Bd2 Rf8+ 27.
Ke2 Nxc2 28. Bxh6 Nxa1 29. Bxf8 Kxf8 30. Rxa1 Ke7 31. Rc1 Kd6 32. Rc4 Kd5 33.
Rh4 h5 34. b4 Ne4 35. Ke3 Nc3 36. Rd4+ Ke5 37. Rc4 Nxa2 38. Rc5+ Kd6 39. Ra5
Nxb4 40. Rxa7 Nd5+ 41. Ke4 Nf6+ 42. Kf4 Nd5+ 43. Kg5 Ne3 44. g3 Nf1 45. Ra2 e5
46. Re2 Kd5 47. Kxg6 e4 48. Kxh5 e3 49. Re1 Nxh2 50. Rxe3 Nf1 51. Rf3 Ke4 1-0

[Event "AUT2O-chT 1998/99"]
[Site "Moedling"]
[Date "1999.01.16"]
[Round "6.4"]
[White "Simon, Walter"]
[Black "Steiner, Heinz"]
[Result "1/2-1/2"]
[WhiteElo "2070"]
[BlackElo "2160"]
[PlyCount "124"]
[EventDate "1999.01.16"]

1. e4 c5 2. Nc3 Nc6 3. g3 g6 4. Bg2 Bg7 5. d3 d6 6. f4 e6 7. Nf3 Nge7 8. O-O
O-O 9. Bd2 Nd4 10. Rb1 Rb8 11. Ne2 b6 12. c3 Nxe2+ 13. Qxe2 Ba6 14. Rfd1 d5 15.
e5 Qd7 16. Be1 Nc6 17. Bf2 Rbc8 18. h4 d4 19. c4 Bb7 20. Ng5 Ne7 21. Ne4 Bxe4
22. Bxe4 f6 23. exf6 Bxf6 24. Bg2 Nf5 25. Kh2 Rce8 26. Qg4 e5 27. fxe5 Bxe5 28.
Rf1 Qe6 29. Be4 Nh6 30. Qh3 Rf6 31. Bg1 Ref8 32. Rxf6 Rxf6 33. Kg2 Kg7 34. g4
Rf4 35. Bf3 Rf8 36. Rf1 Bf4 37. Be4 Qe5 38. Qf3 Qe6 39. g5 Qg4+ 40. Qxg4 Nxg4
41. Kh3 Ne5 42. Kg2 h6 43. gxh6+ Kxh6 44. Bh2 g5 45. b3 Ng4 46. hxg5+ Kxg5 47.
Bg1 Rh8 48. Kf3 Rh3+ 49. Ke2 Nf6 50. Bf3 Nd7 51. Bf2 Ne5 52. Rg1+ Kf6 53. Be4
Rh2 54. Rh1 Rxh1 55. Bxh1 Kg5 56. Bf3 Ng4 57. Bxg4 Kxg4 58. Be1 a5 59. Bf2 Bc1
60. Be1 Bf4 61. Bf2 Bc1 62. Be1 Bf4 1/2-1/2

[Event "AUT2O-chT 1998/99"]
[Site "Moedling"]
[Date "1999.01.16"]
[Round "6.1"]
[White "Banas, Jan"]
[Black "Polak, Thomas"]
[Result "1/2-1/2"]
[WhiteElo "2425"]
[BlackElo "2525"]
[PlyCount "27"]
[EventDate "1999.01.16"]

1. Nf3 Nf6 2. g3 d5 3. Bg2 c6 4. O-O Bg4 5. d3 Nbd7 6. Nbd2 e6 7. h3 Bh5 8. Qe1
Bd6 9. e4 Bxf3 10. Nxf3 Qc7 11. b3 O-O-O 12. Bb2 dxe4 13. dxe4 Ne5 14. Qe3
1/2-1/2

[Event "AUT2O-chT 1998/99"]
[Site "Moedling"]
[Date "1999.01.16"]
[Round "6.2"]
[White "Groetz, Harald"]
[Black "Neubauer, Martin"]
[Result "1/2-1/2"]
[WhiteElo "2225"]
[BlackElo "2305"]
[PlyCount "99"]
[EventDate "1999.01.16"]

1. e4 e5 2. Nf3 Nc6 3. Bb5 Nf6 4. O-O Nxe4 5. d4 Nd6 6. Bxc6 dxc6 7. dxe5 Nf5
8. Qe2 Nd4 9. Nxd4 Qxd4 10. Rd1 Qg4 11. Nc3 Qxe2 12. Nxe2 Bg4 13. Kf1 Bc5 14.
Bf4 a5 15. Rd2 a4 16. a3 O-O 17. Rad1 Ra6 18. h3 Be6 19. Nc3 Be7 20. Kg1 Ra5
21. Rd4 Rfa8 22. R4d2 h5 23. Re2 Rc5 24. Kh2 Rc4 25. Re4 Rxe4 26. Nxe4 Bf5 27.
f3 Ra5 28. Rd4 c5 29. Rd2 Rb5 30. c4 Rb3 31. Nc3 Be6 32. Nxa4 Bxc4 33. Nc3 Kf8
34. Ne4 Be6 35. Bg5 Rb6 36. Bxe7+ Kxe7 37. Nxc5 Rb5 38. b4 b6 39. Nxe6 Kxe6 40.
f4 g5 41. g3 c5 42. Rd6+ Ke7 43. bxc5 Rb2+ 44. Kg1 bxc5 45. fxg5 Re2 46. g6
Rxe5 47. gxf7 Kxf7 48. Kf2 c4 49. Rc6 Ra5 50. Rxc4 1/2-1/2

[Event "AUT2O-chT 1998/99"]
[Site "Moedling"]
[Date "1999.01.16"]
[Round "6.3"]
[White "Fusi, Christoph"]
[Black "Voegel, Wolfgang"]
[Result "1/2-1/2"]
[WhiteElo "2250"]
[BlackElo "2230"]
[PlyCount "82"]
[EventDate "1999.01.16"]

1. e4 c6 2. d4 d5 3. e5 Na6 4. Bd3 g6 5. c3 Nc7 6. Ne2 Bg7 7. Nf4 Ne6 8. O-O
Nh6 9. Na3 O-O 10. Nxe6 Bxe6 11. Bxh6 Bxh6 12. f4 Qd7 13. f5 Bxf5 14. Bxf5 gxf5
15. Qh5 Bg7 16. Rxf5 f6 17. exf6 Rxf6 18. Rxf6 Bxf6 19. Nc2 Qd6 20. Re1 Qf4 21.
Ne3 Rf8 22. g3 Qe4 23. Qg4+ Qxg4 24. Nxg4 Kf7 25. Nxf6 exf6 26. Kf2 a5 27. Kf3
Rg8 28. g4 h5 29. gxh5 Rg5 30. h4 Rxh5 31. Kg4 Rh7 32. Rh1 Rg7+ 33. Kf3 Ke6 34.
Rh3 Kf5 35. Rg3 Rh7 36. Rg4 Ke6 37. Kg3 Kf7 38. b3 Rh5 39. Rf4 Rh7 40. Rf2 Rg7+
41. Kf4 Rg1 1/2-1/2

[Event "AUT2O-chT 1998/99"]
[Site "Moedling"]
[Date "1999.01.16"]
[Round "6.4"]
[White "Wiedermann, Franz"]
[Black "Zetthofer, Gerald"]
[Result "1-0"]
[WhiteElo "2175"]
[BlackElo "2210"]
[PlyCount "79"]
[EventDate "1999.01.16"]

1. d4 d5 2. Nf3 c6 3. c4 Nf6 4. cxd5 cxd5 5. Nc3 Nc6 6. Bf4 e6 7. e3 Bd6 8. Bg3
a6 9. Bd3 O-O 10. Ne5 Bxe5 11. dxe5 Nd7 12. f4 f5 13. exf6 Nxf6 14. O-O Qe7 15.
Rc1 Bd7 16. Bh4 Qb4 17. Rf2 Ne7 18. Qf3 Rac8 19. Rd1 Qb6 20. Bb1 Be8 21. Bxf6
Rxf6 22. e4 e5 23. f5 d4 24. Nd5 Nxd5 25. exd5 Bf7 26. Be4 Rd6 27. f6 Rxf6 28.
Qh3 Rd8 29. Qxh7+ Kf8 30. Rdf1 d3 31. Qh8+ Bg8 32. Bh7 Kf7 33. Bxd3 Qd4 34.
Qh5+ Ke7 35. Qg5 Rdf8 36. Qxg7+ Kd6 37. Qg3 Bxd5 38. Be2 Kc6 39. Qc3+ Qxc3 40.
Rxf6+ 1-0

[Event "AUT2O-chT 1998/99"]
[Site "Moedling"]
[Date "1999.01.16"]
[Round "6.5"]
[White "Chulis, Alexander"]
[Black "Schirmbeck, Hannes"]
[Result "1/2-1/2"]
[WhiteElo "2125"]
[BlackElo "2165"]
[PlyCount "40"]
[EventDate "1999.01.16"]

1. e4 c5 2. Ne2 Nc6 3. c4 g6 4. d4 cxd4 5. Nxd4 Bg7 6. Be3 Nf6 7. Nc3 O-O 8.
Be2 d6 9. O-O Nxd4 10. Bxd4 b6 11. f3 Bb7 12. Qd2 Qc7 13. Rac1 Rad8 14. Rfd1
Qb8 15. Be3 Rd7 16. Qc2 Qa8 17. Qa4 Bc6 18. Qa3 Rfd8 19. Rd2 Nh5 20. Rcd1 Be5
1/2-1/2

[Event "AUT2O-chT 1998/99"]
[Site "Moedling"]
[Date "1999.01.16"]
[Round "6.1"]
[White "Koutsin, Sergej"]
[Black "Knoflicek, Ctibor"]
[Result "1-0"]
[WhiteElo "2415"]
[BlackElo "2165"]
[PlyCount "67"]
[EventDate "1999.01.16"]

1. d4 d5 2. c4 c6 3. cxd5 cxd5 4. Nf3 Nf6 5. Nc3 Nc6 6. Bf4 a6 7. Rc1 Ne4 8. e3
Bg4 9. Bd3 Nxc3 10. bxc3 e6 11. O-O Bd6 12. Bxd6 Qxd6 13. c4 dxc4 14. Rxc4 h6
15. Be4 Rc8 16. h3 Bxf3 17. Qxf3 f5 18. Bxc6+ Rxc6 19. Rxc6 bxc6 20. Rc1 Kd7
21. Qe2 Qa3 22. Qc4 Rc8 23. Rb1 Qa5 24. g3 Rc7 25. Rb8 Ra7 26. Rg8 Kd6 27. Qb3
Qb5 28. Qa3+ Kd5 29. Rd8+ Ke4 30. Kg2 Qe2 31. Qc1 Kd3 32. Rb8 Ke4 33. Qxc6+ Kd3
34. Rb3+ 1-0

[Event "AUT2O-chT 1998/99"]
[Site "Moedling"]
[Date "1999.01.16"]
[Round "6.2"]
[White "Ligezinski, Martin"]
[Black "Miniboeck, Guenter"]
[Result "0-1"]
[WhiteElo "2165"]
[BlackElo "2350"]
[PlyCount "54"]
[EventDate "1999.01.16"]

1. d4 Nf6 2. Nc3 d5 3. e4 Nxe4 4. Nxe4 dxe4 5. Bc4 Nd7 6. Qh5 e6 7. Bxe6 Qe7 8.
Bb3 g6 9. Qe2 Bg7 10. c3 O-O 11. h4 Nf6 12. Bg5 h6 13. Bf4 Re8 14. Qd2 Kh7 15.
O-O-O a5 16. Nh3 a4 17. Bc4 a3 18. b3 Be6 19. Bxe6 Qxe6 20. Bxc7 Rec8 21. Be5
Rxc3+ 22. Qxc3 Rc8 23. Qxc8 Qxc8+ 24. Kd2 Nd5 25. Rc1 Qg4 26. Rc5 Qxg2 27. Ng5+
hxg5 0-1

[Event "AUT2O-chT 1998/99"]
[Site "Moedling"]
[Date "1999.01.16"]
[Round "6.3"]
[White "Sulyok, Michael"]
[Black "Kuthan, Andreas"]
[Result "1-0"]
[WhiteElo "2270"]
[BlackElo "2190"]
[PlyCount "65"]
[EventDate "1999.01.16"]

1. c4 g6 2. Nc3 Bg7 3. d4 Nf6 4. e4 d6 5. Bd3 O-O 6. Nge2 Nc6 7. O-O Nh5 8. Be3
e5 9. d5 Ne7 10. Qd2 f5 11. exf5 gxf5 12. f4 Ng6 13. g3 Bd7 14. Rf2 a6 15. Raf1
exf4 16. gxf4 Qh4 17. Rg2 Qh3 18. Nd4 Nh4 19. Rg5 Rae8 20. Re1 h6 21. Bf1 hxg5
22. Bxh3 Bxd4 23. Kf2 Nxf4 24. Bf1 Be5 25. Ne2 Nxe2 26. Bxe2 f4 27. Bd4 Nf5 28.
Bxe5 Rxe5 29. Rg1 Ne3 30. b3 Rf7 31. Bf3 Rh7 32. Rh1 g4 33. Bg2 1-0

[Event "AUT2O-chT 1998/99"]
[Site "Moedling"]
[Date "1999.01.16"]
[Round "6.4"]
[White "Petzer, Reinhard"]
[Black "Eibersberger, Manfred"]
[Result "1-0"]
[WhiteElo "2135"]
[BlackElo "2165"]
[PlyCount "85"]
[EventDate "1999.01.16"]

1. Nf3 Nc6 2. c4 e5 3. Nc3 Nf6 4. d3 Bc5 5. g3 O-O 6. Bg2 d6 7. O-O Bf5 8. Nd5
h6 9. Bd2 e4 10. Nh4 Bh7 11. Bc3 Bd4 12. Bxd4 Nxd4 13. dxe4 Nc6 14. Nf5 Re8 15.
Qd3 Ne5 16. Qc2 Ned7 17. b4 a5 18. a3 Bxf5 19. exf5 c6 20. Ne3 Qb6 21. Qd2 Ne5
22. Rab1 Neg4 23. Nxg4 Nxg4 24. bxa5 Qxa5 25. Qxd6 Qxf5 26. Rxb7 Rxe2 27. Qd4
c5 28. Qd5 Qxd5 29. Bxd5 Rxa3 30. Rxf7 Kh7 31. Bf3 Ne5 32. Rxg7+ Kxg7 33. Bxe2
Rc3 34. Rd1 Nxc4 35. Rd7+ Kf6 36. Rc7 Nd2 37. Kg2 Ne4 38. Rc6+ Kg7 39. Bf3 Ng5
40. Rc7+ Kf6 41. Rc6+ Kg7 42. Bd5 Rc2 43. h4 1-0

[Event "AUT2O-chT 1998/99"]
[Site "Moedling"]
[Date "1999.01.16"]
[Round "6.5"]
[White "Rudolf, Herbert"]
[Black "Fuchs, Stefan"]
[Result "1/2-1/2"]
[WhiteElo "2190"]
[BlackElo "2140"]
[PlyCount "68"]
[EventDate "1999.01.16"]

1. e4 e5 2. Nf3 Nf6 3. Nc3 Nc6 4. d4 exd4 5. Nxd4 d6 6. Bb5 Bd7 7. Bxc6 bxc6 8.
Qf3 c5 9. Nf5 g6 10. Nh6 Bxh6 11. Bxh6 Ng4 12. Bf4 f6 13. O-O-O Ne5 14. Qe2 O-O
15. Bg3 Rb8 16. h3 Nc6 17. Nd5 Nd4 18. Qd2 Be6 19. c3 Bxd5 20. exd5 Nf5 21. Bf4
Qd7 22. g4 Nh4 23. Bg3 Nf3 24. Qe2 Qb5 25. Qxb5 Rxb5 26. c4 Rb4 27. b3 Re8 28.
Rd3 Nd4 29. Kd1 a5 30. f3 a4 31. Be1 axb3 32. axb3 Rxb3 33. Rxb3 Nxb3 34. Bc3
Re3 1/2-1/2

[Event "AUT2O-chT 1998/99"]
[Site "Moedling"]
[Date "1999.01.16"]
[Round "6.6"]
[White "Zaynard, Andreas"]
[Black "Herndlbauer, Martin"]
[Result "0-1"]
[WhiteElo "2015"]
[BlackElo "2155"]
[PlyCount "102"]
[EventDate "1999.01.16"]

1. e4 c6 2. d4 d5 3. e5 Bf5 4. Nc3 e6 5. Nf3 c5 6. Be2 Nd7 7. O-O Ne7 8. Be3
Nc6 9. Bb5 Qc7 10. Bxc6 bxc6 11. Qe2 Be7 12. Ne1 Rb8 13. f4 cxd4 14. Bxd4 c5
15. Bf2 h5 16. b3 {Remisgebot} 16... Rb4 17. Nb5 Qc6 18. c4 a6 19. Nd6+ Bxd6
20. cxd5 exd5 21. exd6+ Re4 22. Qd2 O-O 23. Nd3 Rfe8 24. Rae1 Qxd6 25. Qc3 d4
26. Qd2 Qg6 27. Bg3 Rxe1 28. Rxe1 Rxe1+ 29. Nxe1 Nf6 30. Qa5 Ne4 31. Qd8+ Kh7
32. Nf3 f6 33. Qd5 Bg4 34. Nh4 Qe8 35. Nf3 Bxf3 36. gxf3 Nxg3 37. hxg3 Qe1+ 38.
Kh2 Qf2+ 39. Kh3 Qf1+ 40. Kh2 Qe2+ 41. Kh3 {Remisgebot} 41... Kg6 42. g4 Qf1+
43. Kh4 Qh1+ 44. Kg3 Qg1+ 45. Kh3 Qh1+ 46. Kg3 hxg4 47. Kxg4 Qg2+ 48. Kh4 Qh2+
49. Kg4 Kh6 50. Qxc5 Qg2+ 51. Kh4 g5+ 0-1

[Event "AUT2O-chT 1998/99"]
[Site "Moedling"]
[Date "1999.01.16"]
[Round "6.2"]
[White "Wiedner, Robert"]
[Black "Stranz, Richard"]
[Result "0-1"]
[WhiteElo "2190"]
[BlackElo "2255"]
[PlyCount "122"]
[EventDate "1999.01.16"]

1. c4 g6 2. g3 Bg7 3. Bg2 e5 4. Nc3 Nc6 5. Nf3 d6 6. d4 exd4 7. Nb5 Nf6 8.
Nfxd4 Ne5 9. b3 O-O 10. O-O c6 11. Nc3 Qb6 12. Qd2 a5 13. h3 Bd7 14. Na4 Qa7
15. Nc2 Bf5 16. Nc3 Rad8 17. Ba3 Rfe8 18. Kh2 Bh6 19. Qd4 Qb8 20. Qd1 Bg7 21.
Rc1 h5 22. Nd4 Bc8 23. Rc2 h4 24. Bc1 Nh5 25. g4 d5 26. f4 Ng3 27. Rf2 dxc4 28.
fxe5 Qxe5 29. e3 c5 30. Nf3 Qb8 31. Qe1 cxb3 32. axb3 Ne4+ 33. Kg1 Bxc3 34.
Rxc3 Nxf2 35. Qxf2 Rd1+ 36. Bf1 b6 37. Qxh4 Ba6 38. Bb2 Rxf1+ 39. Kg2 39...
Rxf3 $1 40. Kxf3 Qh2 41. Qf2 41... Qxf2+ $2 42. Kxf2 Rd8 43. Kg3 43... g5 $1
44. h4 gxh4+ 45. Kxh4 Rd2 46. Bc1 Re2 47. Kg5 Kg7 48. Kf4 $2 48... Kf6 49. e4
Re1 50. Bb2 Ke6 51. Rh3 Rf1+ 52. Kg5 f6+ 53. Kg6 Bb7 54. g5 Bxe4+ 55. Kg7 fxg5
56. Rh6+ Kd5 57. Rxb6 Rb1 58. Bc3 a4 59. b4 Kc4 60. Bd2 cxb4 61. Bxg5 Rg1 0-1

[Event "AUT2O-chT 1998/99"]
[Site "Moedling"]
[Date "1999.01.16"]
[Round "6.3"]
[White "Krpelan, Wolfgang"]
[Black "Hechl, Gerald"]
[Result "1-0"]
[WhiteElo "2190"]
[BlackElo "2190"]
[PlyCount "91"]
[EventDate "1999.01.16"]

1. Nf3 c5 2. g3 Nc6 3. Bg2 d5 4. d4 e6 5. O-O Nf6 6. c4 cxd4 7. cxd5 Nxd5 8.
Nxd4 Bd7 9. Nf5 Qf6 10. e4 Nb6 11. Nd6+ Bxd6 12. Qxd6 Nd4 13. Nc3 Bc6 14. Qf4
Qe7 15. Qg5 Qxg5 16. Bxg5 e5 17. Rad1 Ne6 18. Bc1 O-O 19. Nd5 Rfe8 20. b3 Nd7
21. Ba3 Kh8 22. Rfe1 Rad8 23. Ne7 Bb5 24. Nf5 Bc6 25. Nd6 Rf8 26. Nf5 Rfe8 27.
Be7 Ra8 28. Bd6 b6 29. Rd2 g6 30. Ne7 Bb7 31. Rc1 f6 32. f3 Ndc5 33. b4 Na6 34.
Nd5 Bxd5 35. Rxd5 Nd4 36. Bf1 Nb8 37. Rc7 Nbc6 38. b5 Nxf3+ 39. Kf2 Ncd4 40.
Be7 Nxh2 41. Bxf6+ Kg8 42. Rg7+ Kf8 43. Bh3 Rac8 44. Rdd7 Rc2+ 45. Ke3 Rec8 46.
Rdf7+ 1-0

[Event "AUT2O-chT 1998/99"]
[Site "Moedling"]
[Date "1999.01.16"]
[Round "6.1"]
[White "Jansa, Vlastimil"]
[Black "Vlcek, Stanislav"]
[Result "1-0"]
[WhiteElo "2490"]
[BlackElo "2185"]
[PlyCount "143"]
[EventDate "1999.01.16"]

1. e4 c5 2. Nf3 d6 3. d4 cxd4 4. Nxd4 Nf6 5. Nc3 a6 6. Be2 e6 7. a4 Be7 8. O-O
O-O 9. Be3 Nc6 10. f4 Qc7 11. Kh1 Re8 12. Bd3 Nb4 13. a5 Bd7 14. Nf3 Rac8 15.
Bb6 Qb8 16. Bd4 Bc6 17. e5 Nfd5 18. exd6 Qxd6 19. Ne4 Qd8 20. Nfg5 h6 21. Nxf7
Kxf7 22. Qh5+ Kg8 23. Bxg7 Nxd3 24. Qxh6 Bf8 25. Qh8+ Kf7 26. Ng5+ Ke7 27. Qh7
Qd7 28. Be5+ Kd8 29. Nf7+ Qxf7 30. Qxf7 Nxe5 31. fxe5 Rc7 32. Qh5 Rg7 33. Rad1
Kc8 34. Qxe8+ Bxe8 35. Rxf8 Re7 36. c4 Ne3 37. Re1 Nf5 38. g4 Nh4 39. h3 Kc7
40. Kh2 Ng6 41. Rg8 Bf7 42. Rg7 Kd8 43. Rh7 Rd7 44. h4 Ke8 45. h5 Rd2+ 46. Kg3
Rd3+ 47. Kf2 Nf4 48. Rf1 Rb3 49. h6 Bg6 50. Rh8+ Ke7 51. h7 Rh3 52. Rb8 Bxh7
53. Rxb7+ Ke8 54. Rb8+ Ke7 55. Rb7+ Ke8 56. Rxh7 Rxh7 57. Ke3 Ng6 58. Kd4 Rd7+
59. Kc3 Nxe5 60. Re1 Nxg4 61. Rxe6+ Kd8 62. Rxa6 Kc8 63. Re6 Rf7 64. b4 Nf6 65.
a6 Kb8 66. b5 Ka7 67. Kb4 Nd7 68. Ka5 Rf8 69. Re7 Rd8 70. c5 Ka8 71. c6 Nf6 72.
c7 1-0

[Event "AUT2O-chT 1998/99"]
[Site "Moedling"]
[Date "1999.01.16"]
[Round "6.2"]
[White "Bachofner, Andreas"]
[Black "Lau, Ralph"]
[Result "0-1"]
[WhiteElo "2165"]
[BlackElo "2445"]
[PlyCount "104"]
[EventDate "1999.01.16"]

1. e4 d5 2. exd5 Qxd5 3. Nc3 Qa5 4. Bc4 Nf6 5. d3 c6 6. Bd2 Qc7 7. a4 Bf5 8.
Nf3 e6 9. h3 h6 10. Qe2 Bd6 11. O-O-O Bh7 12. Rde1 Nbd7 13. Nd4 Bc5 14. Nb3 Be7
15. Nd4 Nf8 16. g3 a6 17. Bf4 Bd6 18. Bxd6 Qxd6 19. Qe3 b5 20. axb5 axb5 21.
Bb3 b4 22. Na4 Nd5 23. Bxd5 cxd5 24. b3 Nd7 25. Qf4 e5 26. Nf5 Bxf5 27. Qxf5
O-O 28. f4 f6 29. g4 Rae8 30. Qg6 e4 31. Rhf1 Nc5 32. Nxc5 Qxc5 33. dxe4 Qc3
34. e5 fxe5 35. Qd3 exf4 36. Rxe8 Rxe8 37. Qxd5+ Kh8 38. Qd3 Qa1+ 39. Kd2 Qf6
40. Qf3 g5 41. c3 Rd8+ 42. Kc2 Qg6+ 43. Kc1 Qa6 44. Kb1 Ra8 45. c4 Qg6+ 46. Kb2
Qf6+ 47. Kc2 Ra2+ 48. Kd3 Qg6+ 49. Kd4 Qd6+ 50. Ke4 Rd2 51. Kf5 Qd7+ 52. Ke5
Re2+ 0-1

[Event "AUT2O-chT 1998/99"]
[Site "Moedling"]
[Date "1999.01.16"]
[Round "6.3"]
[White "Hangweyrer, Manfred"]
[Black "Bachofner, Christian"]
[Result "1/2-1/2"]
[WhiteElo "2370"]
[BlackElo "2050"]
[PlyCount "79"]
[EventDate "1999.01.16"]

1. e4 c5 2. Nf3 d6 3. Bb5+ Bd7 4. Bxd7+ Qxd7 5. O-O Nc6 6. c3 Nf6 7. d4 cxd4 8.
cxd4 Nxe4 9. d5 Ne5 10. Re1 Nf6 11. Nxe5 dxe5 12. Nc3 Rd8 13. Rxe5 g6 14. Qf3
Bg7 15. Bh6 O-O 16. Bxg7 Kxg7 17. Rae1 Rfe8 18. h3 b5 19. a3 a5 20. Qf4 Qb7 21.
Qf3 b4 22. axb4 Qxb4 23. R1e2 a4 24. g3 a3 25. bxa3 Qxa3 26. Kg2 Qc5 27. Ne4
Nxe4 28. Qxe4 Rd6 29. Rc2 Qb6 30. Rxe7 Rxe7 31. Qxe7 Rxd5 32. Rc8 Qd6 33. Qe8
Rf5 34. Rd8 Qc5 35. f4 35... Qc2+ {Remisgebot 36.} 36. Kf3 Qc3+ 37. Ke2 Qb2+
38. Ke3 Qc1+ 39. Kf3 Qf1+ 40. Ke3 1/2-1/2

[Event "AUT2O-chT 1998/99"]
[Site "Moedling"]
[Date "1999.01.16"]
[Round "6.4"]
[White "Steinert, Martin"]
[Black "Vokroj, Rene"]
[Result "0-1"]
[WhiteElo "2145"]
[BlackElo "2285"]
[PlyCount "80"]
[EventDate "1999.01.16"]

1. d4 Nf6 2. Nf3 e6 3. c4 b6 4. Nbd2 Bb7 5. Qc2 d6 6. e4 Nbd7 7. Be2 c5 8. d5
e5 9. O-O Be7 10. Ne1 Nf8 11. Nd3 g5 12. Qa4+ Qd7 13. Bd1 Ng6 14. b4 cxb4 15.
Qxb4 O-O 16. a4 Nf4 17. Nxf4 gxf4 18. Ra3 Kh8 19. Qb3 Rg8 20. Qh3 Qc7 21. Qd3
Nd7 22. Qh3 Nf6 23. Qd3 Rg6 24. Kh1 Bc8 25. Bb2 Bd7 26. Bf3 Rag8 27. Rfa1 Bd8
28. a5 Qc5 29. axb6 Bxb6 30. Rf1 Bg4 31. h3 Bxf3 32. Qxf3 Rxg2 33. Nb3 Qxc4 34.
Nd2 Qb4 35. Bc1 R2g6 36. Rc3 Ba5 37. Rc4 Qb5 38. Qd3 Qd7 39. Ba3 Bb6 40. Rc6
Be3 0-1

[Event "AUT2O-chT 1998/99"]
[Site "Moedling"]
[Date "1999.01.16"]
[Round "6.5"]
[White "Beckhuis, Gernod"]
[Black "Hofbauer, Peter"]
[Result "1-0"]
[WhiteElo "2245"]
[BlackElo "2100"]
[PlyCount "45"]
[EventDate "1999.01.16"]

1. Nf3 d6 2. d4 g6 3. g3 Bg7 4. Bg2 Nf6 5. O-O O-O 6. c4 Nc6 7. Nc3 e5 8. d5
Na5 9. Nd2 Ne8 10. b4 e4 11. Bb2 e3 12. fxe3 Qg5 13. Kh1 Qxe3 14. Rf3 Qb6 15.
Na4 Qxb4 16. Bxg7 Bd7 17. Bxf8 Bxa4 18. Qf1 Qxd2 19. Rxf7 Nxc4 20. Be7 Ne5 21.
Rf8+ Kg7 22. Rf4 Bc2 23. Rd4 1-0

[Event "AUT2O-chT 1998/99"]
[Site "Moedling"]
[Date "1999.01.16"]
[Round "6.1"]
[White "Palkoevi, Jozsef"]
[Black "Pingitzer, Harald"]
[Result "1-0"]
[WhiteElo "2435"]
[BlackElo "2300"]
[PlyCount "137"]
[EventDate "1999.01.16"]

1. e4 c6 2. d4 d5 3. Nc3 dxe4 4. Nxe4 Bf5 5. Nc5 Qc7 6. Nf3 e6 7. Nd3 Nd7 8. g3
Ngf6 9. Bg2 Qa5+ 10. Bd2 Qa6 11. Nfe5 Bxd3 12. Nxd3 Qc4 13. Be3 Nd5 14. O-O
O-O-O 15. Qd2 Be7 16. b3 Qc3 17. Nf4 17... Nxf4 {Remisgebot} 18. Bxf4 Qxd2 19.
Bxd2 Bf6 20. c3 Kb8 21. Rad1 Nb6 22. a4 Rd7 23. a5 Nd5 24. b4 Rhd8 25. Rb1 a6
26. f4 h5 27. h3 g6 28. Rf3 Ka8 29. Kf1 Nc7 30. Be1 Nb5 31. Rc1 Nd6 32. Ke2 Nb5
33. Bf2 Nd6 34. g4 Rh8 35. Rh1 Rdd8 36. Rd3 Rh7 37. Bg3 Rhh8 38. Bf3 Rd7 39.
Rdd1 Nb5 40. Rd3 Nd6 41. Bf2 hxg4 42. hxg4 Rdd8 43. Rdd1 Nb5 44. Kd3 Nc7 45. c4
Rxh1 46. Bxh1 Rh8 47. Bg2 Rh2 48. Rg1 Bh4 49. Bxh4 Rxh4 50. Bf3 Rh3 51. Ke3 Kb8
52. Rh1 Rxh1 53. Bxh1 Kc8 54. Ke4 Kd7 55. Ke5 Ke7 56. g5 Ne8 57. d5 exd5 58.
cxd5 Kd7 59. dxc6+ bxc6 60. Bf3 Nc7 61. Be2 Ke7 62. Bf1 Nd5 63. Bxa6 Nxb4 64.
Bc4 c5 65. a6 Nc6+ 66. Kd5 Nb4+ 67. Kxc5 Nxa6+ 68. Bxa6 Ke6 69. Bc8+ 1-0

[Event "AUT2O-chT 1998/99"]
[Site "Moedling"]
[Date "1999.01.16"]
[Round "6.2"]
[White "Kummer, Helmut"]
[Black "Rumpl, Erwin"]
[Result "1-0"]
[WhiteElo "2315"]
[BlackElo "2210"]
[PlyCount "83"]
[EventDate "1999.01.16"]

1. d4 Nf6 2. c4 e6 3. Nf3 b6 4. g3 Bb7 5. Bg2 Be7 6. Nc3 Ne4 7. Bd2 Bf6 8. Rc1
O-O 9. d5 Nxc3 10. Bxc3 Bxc3+ 11. Rxc3 d6 12. O-O a5 13. Nh4 Nd7 14. dxe6 Bxg2
15. exf7+ Rxf7 16. Nxg2 Nc5 17. f3 Qd7 18. b3 Raf8 19. Qd4 Rf6 20. Re3 Ne6 21.
Qd2 Rh6 22. Re4 Rf5 23. g4 Rc5 24. h4 g5 25. Rd1 Qg7 26. Qe3 Qf6 27. h5 Kf7 28.
Kf2 Qg7 29. Rd5 Rf6 30. Kg3 Qf8 31. Qd2 h6 32. Ne3 Nf4 33. Rxc5 bxc5 34. Nd5
Nxd5 35. Qxd5+ Kg7 36. Qd2 c6 37. Kg2 Qd8 38. Qe3 Rf7 39. Re6 d5 40. Qe5+ Kh7
41. cxd5 Qxd5 42. Rxh6+ 1-0

[Event "AUT2O-chT 1998/99"]
[Site "Moedling"]
[Date "1999.01.16"]
[Round "6.3"]
[White "Wadsack, Wolfgang"]
[Black "Holzer, Gerhard"]
[Result "0-1"]
[WhiteElo "2180"]
[BlackElo "2255"]
[PlyCount "72"]
[EventDate "1999.01.16"]

1. e4 d6 2. d4 Nf6 3. Nc3 g6 4. f3 c6 5. Be3 Qc7 6. Qd2 Nbd7 7. Nh3 Nb6 8. Nf2
Bd7 9. a4 a5 10. Be2 Bg7 11. g4 h5 12. g5 Nh7 13. h4 O-O-O 14. O-O-O Nf8 15.
Nh3 Ne6 16. Nf4 Nxf4 17. Bxf4 c5 18. dxc5 Qxc5 19. Nd5 Nxd5 20. Qxd5 Bxa4 21.
Qc4 Qxc4 22. Bxc4 Rhf8 23. Be3 Kc7 24. Rd3 b6 25. Rhd1 Rb8 26. f4 Bc6 27. Bd5
b5 28. e5 Bxd5 29. exd6+ exd6 30. Rxd5 Rfe8 31. Bf2 Bf8 32. f5 Re5 33. f6 Kc6
34. R5d3 b4 35. Bg3 Re6 36. Rd4 Rb5 0-1

[Event "AUT2O-chT 1998/99"]
[Site "Moedling"]
[Date "1999.01.16"]
[Round "6.4"]
[White "Schuh, Franz"]
[Black "Bachmayer, Josef"]
[Result "0-1"]
[WhiteElo "2265"]
[BlackElo "2160"]
[PlyCount "52"]
[EventDate "1999.01.16"]

1. d4 f5 2. Nf3 Nf6 3. Bg5 e6 4. e3 Be7 5. c4 O-O 6. Nc3 b6 7. Bd3 Bb7 8. Qc2
c5 9. O-O-O cxd4 10. Nxd4 Na6 11. Nxf5 exf5 12. Bxf5 Nb4 13. Qb1 h6 14. Bxf6
Bxf6 15. Rxd7 Qb8 16. a3 Bxc3 17. axb4 Bf6 18. Be6+ Kh8 19. f4 Qe8 20. Rd6 Bc8
21. Qe4 Bxe6 22. Rxe6 Qa4 23. Kb1 Rad8 24. Qc2 Qxb4 25. Rd1 Rxd1+ 26. Qxd1
Qxb2# 0-1